Territorios españoles en Europa en 1560 con un mapa - Estadísticas

Estadísticas generales
  • Esta prueba ha sido intentada 49 veces
  • La puntuación promedio es 26 de 38
Respuestas en el mapa
Las respuestas están codificadas por una escala verde-roja en el mapa de la prueba según el % correcto abajo.
 
Estadísticas de respuestas
Respuesta % Correcto
Aragón
98%
Cataluña
96%
Galicia
96%
Murcia
96%
Navarra
96%
Sevilla
96%
Sicilia
96%
Valencia
96%
Castilla
93%
Cerdeña
93%
Córdoba
93%
Granada
93%
León
93%
Mallorca
93%
Asturias
91%
Jaén
91%
Nápoles
89%
Álava
87%
Vizcaya
87%
Guipúzcoa
85%
Toledo
80%
Flandes
78%
Milán
78%
Holanda
65%
Luxemburgo
63%
Borgoña
54%
Frisia
41%
Brabante
33%
Zelanda
33%
Utrecht
30%
Artois
26%
Groninga
26%
Drente
24%
Limburgo
24%
Namur
22%
Güeldres
20%
Overijssel
15%
Henao
13%
No se encontraron pruebas coincidentes
Distribución de puntuación
Porcentaje de gente con cada puntuación
Porcentaje por número respondido
Historial de tus puntuaciones
No has intentado esta prueba.